[Event "Petrov Mem Open"]
[Site "St Petersburg RUS"]
[Date "2002.02.13"]
[Round "2"]
[White "Alexikov,A"]
[Black "Vorobiov,E"]
[Result "1/2-1/2"]
[WhiteElo "2384"]
[BlackElo "2534"]

1.e4 c5 2.Nf3 e6 3.Nc3 Nc6 4.d4 cxd4 5.Nxd4 Qc7 6.Be2 a6 7.O-O Nf6 8.Be3 Be7
9.f4 d6 10.Kh1 O-O 11.a4 Re8 12.a5 Nxa5 13.e5 dxe5 14.fxe5 Qxe5 15.Bf4 Qc5
16.Na4 Qa7 17.Bc7 b5 18.Nb6 Rb8 19.Bxb8 Qxb6 20.Be5 Nc4 21.Bxc4 bxc4 22.Qe2 Bb7
23.Qxc4 Ng4 24.Qc7 Qc5 25.Qxc5 Bxc5 26.Nb3 Nf2+  1/2-1/2

[Event "Petrov Mem Open"]
[Site "St Petersburg RUS"]
[Date "2002.02.14"]
[Round "3"]
[White "Zatonskih,A"]
[Black "Rychagov,A"]
[Result "1-0"]
[WhiteElo "2413"]
[BlackElo "2544"]

1.e4 c5 2.Nf3 e6 3.d4 cxd4 4.Nxd4 Nc6 5.Nc3 Qc7 6.Be3 a6 7.Be2 Nf6 8.O-O Bb4
9.Na4 Be7 10.Nxc6 bxc6 11.Nb6 Rb8 12.Nxc8 Qxc8 13.e5 Nd5 14.Bc1 Bc5 15.c4 Ne7
16.b3 Ng6 17.Bb2 Qc7 18.Kh1 O-O 19.Bd3 d6 20.exd6 Bxd6 21.Qh5 c5 22.Rad1 f5
23.Bb1 Rbd8 24.Rfe1 Be5 25.Rxd8 Rxd8 26.Bxe5 Nxe5 27.f4 Ng4 28.Bxf5 Nf6 29.Bxe6+ Kf8
30.Qe5 Qxe5 31.fxe5 Ne4 32.Rf1+ Ke8 33.Bf7+ Kd7 34.Bd5 Nc3 35.Rf3 Nxa2 36.Rf7+ Kc8
37.e6 Nb4 38.Bb7+ Kb8 39.h4 Re8 40.Bd5  1-0

[Event "Petrov Mem Open"]
[Site "St Petersburg RUS"]
[Date "2002.02.14"]
[Round "3"]
[White "Klimov,S"]
[Black "Shaposhnikov,E"]
[Result "1-0"]
[WhiteElo "2433"]
[BlackElo "2523"]

1.e4 c5 2.Nf3 e6 3.d4 cxd4 4.Nxd4 Nc6 5.Nc3 Qc7 6.g3 a6 7.Bg2 Nf6 8.O-O d6
9.Re1 Rb8 10.Nxc6 bxc6 11.Na4 Be7 12.c4 c5 13.b3 Nd7 14.Bb2 O-O 15.Qd2 Bb7
16.Rad1 Bc6 17.Nc3 Rfe8 18.f4 Nb6 19.Ba1 Rbd8 20.Qf2 Rd7 21.g4 Qd8 22.g5 Bf8
23.h4 f6 24.Rd3 fxg5 25.hxg5 e5 26.Rg3 exf4 27.Qxf4 Rf7 28.Qh4 Nd7 29.Rf1 Rxf1+
30.Bxf1 Ne5 31.Nd5 Bxd5 32.exd5 Ng6 33.Qh5 Nf4 34.Qf3 Ng6 35.Bc3 Ne5 36.Qf4 Ng6
37.Qf5 Re7 38.Bh3 Rf7 39.Qe4 Kh8 40.Be6 Qe8 41.Rh3 Be7 42.Bxf7 Qxf7 43.Rf3 Qg8
44.Qg4 Qd8 45.Rf7 Bf8 46.Qf5 Kg8 47.Ra7  1-0

[Event "XVIII Open"]
[Site "Cappelle la Grande FRA"]
[Date "2002.02.16"]
[Round "8"]
[White "Movsesian,S"]
[Black "Neverov,V"]
[Result "1/2-1/2"]
[WhiteElo "2624"]
[BlackElo "2578"]

1.e4 c5 2.Nf3 e6 3.d4 cxd4 4.Nxd4 Nc6 5.Nc3 Qc7 6.g3 a6 7.Bg2 Nf6 8.O-O Bc5
9.Nb3 Ba7 10.Kh1 d6 11.a4 Ne5 12.h3 Bd7 13.f4 Nc4 14.Qd3 Rc8 15.Nd4 h5 16.Nde2 Ng4
17.Nd1 Qc5 18.Bf3 Rc6 19.Bxg4 hxg4 20.h4 g5 21.Qc3 e5 22.fxg5 d5 23.b3 Qd6
24.bxc4 Rxc4 25.Qd3 Rxe4 26.Ndc3 Rc4 27.Ba3 Qc6 28.Kh2 Be6 29.Rad1 e4 30.Qd2 d4
31.Qf4 Rxc3 32.Nxc3 Qxc3 33.Qxe4 Rxh4+ 34.Kg2 Rh3 35.Bd6 Qc6 36.Qxc6+ bxc6
37.Rd2 Kd7 38.Bf4 Bd5+ 39.Kf2 d3+ 40.Ke1 dxc2 41.Rxc2 Bd4 42.Kd2 Be4 43.Rc4 Rh2+
44.Ke1 c5 45.Be5 Bf3 46.Rxf3 gxf3 47.Bxd4 cxd4 48.Rxd4+ Ke6 49.Rf4 Ra2 50.Rf6+ Ke5
51.Rxf7 Rxa4 52.Kf2 Rg4 53.Ra7 Rxg5 54.Rxa6 Rf5 55.Ra5+ Kf6 56.Rxf5+ Kxf5
57.Kxf3  1/2-1/2

[Event "ch-Serbia"]
[Site "Leskovac YUG"]
[Date "2002.02.16"]
[Round "2"]
[White "Perunovic,Mio"]
[Black "Vratonjic,S"]
[Result "1-0"]
[WhiteElo "2305"]
[BlackElo "2432"]

1.e4 c5 2.Nf3 e6 3.d4 cxd4 4.Nxd4 Nc6 5.Nc3 Qc7 6.Be2 Nf6 7.O-O Be7 8.Be3 O-O
9.f4 d6 10.Kh1 a6 11.a4 Re8 12.a5 Nxa5 13.e5 dxe5 14.fxe5 Qxe5 15.Bf4 Qc5
16.Na4 Qa7 17.Bc7 Nc6 18.Nb6 Nxd4 19.Qxd4 Nd5 20.Qf2 Rf8 21.Nxc8 Qxf2 22.Nxe7+ Nxe7
23.Rxf2 Rfc8 24.Bd6 Nf5 25.Rxf5 exf5 26.c4 b6 27.b4 a5 28.Bf3 Ra7 29.c5 bxc5
30.Bxc5 Rac7 31.Rxa5 g5 32.h3 Rd7 33.Ra8 Rxa8 34.Bxa8 Rd1+ 35.Kh2 h5 36.Bf3 Rb1
37.Bxh5 Kg7 38.Bf3 Kf6 39.Bc6 Rb3 40.b5 g4 41.hxg4 fxg4 42.b6 Kg5 43.b7  1-0

[Event "Petrov Mem Open"]
[Site "St Petersburg RUS"]
[Date "2002.02.16"]
[Round "5"]
[White "Paramonov,D"]
[Black "Shaposhnikov,E"]
[Result "0-1"]
[WhiteElo "2323"]
[BlackElo "2523"]

1.e4 c5 2.Nf3 e6 3.d4 cxd4 4.Nxd4 Nc6 5.Nc3 Qc7 6.Be2 a6 7.O-O Nf6 8.Be3 Bb4
9.Na4 b5 10.Nxc6 dxc6 11.Bc5 a5 12.a3 Bxc5 13.Nxc5 O-O 14.Qd4 e5 15.Qc3 Bg4
16.f3 Be6 17.Nxe6 fxe6 18.Rad1 Rad8 19.Qc5 Nd7 20.Qd6 Qb6+ 21.Kh1 Rfe8 22.f4 exf4
23.Qxf4 Nf6 24.e5 Nd5 25.Qf7+ Kh8 26.Bd3 Qe3 27.Rf3 Qxe5 28.Rh3 Nf6 29.Rf1 Rf8
30.Qg6 h6 31.Rhf3 Qc7 32.Rxf6 gxf6 33.Qxh6+ Kg8 34.Rf3 Rd5 35.Rxf6 Rxf6 36.Qxf6 Qf7
37.Qh6 c5 38.Qe3 c4 39.Qg3+ Kf8 40.Qb8+ Kg7 41.Qg3+ Kf8 42.Qb8+ Qe8 43.Qf4+ Ke7
44.Be2 Qd7 45.Qh4+ Kd6 46.Qf4+ e5 47.Qf8+ Kc7 48.h4 Qd8 49.g3 Qxf8  0-1

[Event "Petrov Mem Open"]
[Site "St Petersburg RUS"]
[Date "2002.02.16"]
[Round "5"]
[White "Tsigelnitskiy,I"]
[Black "Mirovshchikov,S"]
[Result "0-1"]
[WhiteElo "2321"]
[BlackElo "2402"]

1.e4 c5 2.Nf3 e6 3.d4 cxd4 4.Nxd4 Nc6 5.Nc3 d6 6.Be3 Nf6 7.Be2 Be7 8.O-O O-O
9.f4 e5 10.Nb3 exf4 11.Bxf4 Be6 12.Kh1 d5 13.e5 Nd7 14.Nxd5 Ndxe5 15.c4 Bg5
16.Nc5 Bxf4 17.Nxe6 fxe6 18.Nxf4 Qe7 19.Bg4 Kh8 20.Bh3 g5  0-1

[Event "10th Open"]
[Site "Valle d'Aosta ITA"]
[Date "2002.02.16"]
[Round "8"]
[White "Drabke,L"]
[Black "Glek,I"]
[Result "1/2-1/2"]
[WhiteElo "2325"]
[BlackElo "2601"]

1.e4 c5 2.Nf3 e6 3.d4 cxd4 4.Nxd4 Nc6 5.Nc3 Qc7 6.g3 a6 7.Bg2 Nf6 8.O-O Bc5
9.Nxc6 dxc6 10.Na4 Ba7 11.c4 e5 12.c5 Be6 13.Qc2 O-O-O 14.b3 h5 15.h3 Qd7
16.Kh2 h4 17.g4 Qd3 18.Qxd3 Rxd3 19.Be3 Rhd8 20.Bf3 Nh7 21.Rfd1 f6 22.Rxd3 Rxd3
23.Rd1 Rxd1 24.Bxd1 Ng5 25.Bxg5 fxg5 26.Be2 Kc7 27.Bc4 Bc8 28.f3 b5 29.cxb6+ Bxb6
30.Kg2 Bd4 31.Kf1  1/2-1/2

[Event "ch-Serbia w"]
[Site "Leskovac YUG"]
[Date "2002.02.17"]
[Round "3"]
[White "Stojanovic,Na"]
[Black "Mladenovic,J"]
[Result "0-1"]
[WhiteElo "2075"]
[BlackElo "2122"]

1.e4 c5 2.Nf3 Nc6 3.d4 cxd4 4.Nxd4 e6 5.Nc3 Qc7 6.Be2 Nf6 7.O-O a6 8.Kh1 Be7
9.f4 d6 10.a4 O-O 11.Be3 Nxd4 12.Bxd4 e5 13.Be3 b6 14.fxe5 dxe5 15.Bg5 Rd8
16.Qe1 Ng4 17.Bxg4 Bxg5 18.Bxc8 Raxc8 19.Rd1 Qc4 20.Qg3 Bf4 21.Qg4 Kh8 22.Qh4 f6
23.Nd5 Qxe4 24.Nxf6 Rxd1 25.Rxd1 Qxc2 26.Rf1 gxf6 27.Qxf6+ Kg8 28.Qe6+ Kg7
29.Qe7+ Kh6 30.Qe6+ Kh5 31.h3 Qc6 32.Qf5+ Kh6 33.Rd1 Rg8  0-1

[Event "Petrov Mem Open"]
[Site "St Petersburg RUS"]
[Date "2002.02.17"]
[Round "6"]
[White "Karasev,V"]
[Black "Vorobiov,E"]
[Result "1-0"]
[WhiteElo "2436"]
[BlackElo "2534"]

1.e4 c5 2.Nf3 e6 3.d4 cxd4 4.Nxd4 Nc6 5.Nc3 Qc7 6.Nxc6 bxc6 7.Bd3 Nf6 8.O-O Bd6
9.Kh1 Rb8 10.b3 Be5 11.Qe1 d5 12.exd5 Nxd5 13.Bb2 Bf6 14.Nxd5 cxd5 15.Bxf6 gxf6
16.f4 h5 17.Qh4 Qe7 18.Rae1 Kf8 19.Re3 Rb6 20.Rfe1 Ba6 21.Bxa6 Rxa6 22.Rc3 Rxa2
23.h3 d4 24.Rc8+ Kg7 25.Rxh8 Kxh8 26.Re5 Kg7 27.Rxh5 Qc7 28.Rh8  1-0

[Event "Petrov Mem Open"]
[Site "St Petersburg RUS"]
[Date "2002.02.18"]
[Round "7"]
[White "Goloshchapov,A"]
[Black "Zakharstov,V"]
[Result "1/2-1/2"]
[WhiteElo "2545"]
[BlackElo "2531"]

1.e4 c5 2.Nf3 e6 3.d4 cxd4 4.Nxd4 Nc6 5.Nc3 Qc7 6.Be3 a6 7.Qd2 Nf6 8.O-O-O Ne5
9.f4 Nc4 10.Bxc4 Qxc4 11.e5 Nd5 12.Nxd5 Qxd5 13.Kb1 b5 14.Qf2 Bb7 15.Rhg1 Qc4
16.f5 Rc8 17.Rgf1 Bd5 18.b3 Qc7 19.Rd2 Ba3 20.fxe6 Bxe6 21.Re2 O-O 22.Bc1 Bc5
23.Qf4 Qb6 24.Nf5 Bxf5 25.Qxf5 Qe6 26.Rd2 Rc7 27.Bb2 Rfc8 28.Qe4 Bf8 29.h3 d6
30.Qd4 dxe5 31.Qxe5 Qg6 32.Qf5 Qxf5 33.Rxf5 Re8 34.Re5 Rec8 35.Red5 f6 36.Rd7 Rxd7
37.Rxd7 Rc6 38.Kc1 Bb4 39.Kd1 h5 40.Bd4 Rd6 41.Rxd6 Bxd6 42.Kd2 Kf7 43.Kd3 Ke6
44.c4 bxc4+ 45.Kxc4 g5 46.a4 f5 47.b4 g4 48.a5 f4 49.b5 axb5+ 50.Kxb5 Kd7
51.a6 Kc7 52.Bb6+ Kb8 53.Kc6 Be7 54.Kd5 f3 55.gxf3 gxh3 56.Bg1 Bh4 57.Bh2+  1/2-1/2

[Event "Petrov Mem Open"]
[Site "St Petersburg RUS"]
[Date "2002.02.18"]
[Round "7"]
[White "Paramonov,D"]
[Black "Mirovshchikov,S"]
[Result "1/2-1/2"]
[WhiteElo "2323"]
[BlackElo "2402"]

1.e4 c5 2.Nf3 e6 3.d4 cxd4 4.Nxd4 Nc6 5.Nc3 d6 6.Be2 Be7 7.O-O Nf6 8.Kh1 O-O
9.f4 e5 10.Nf3 a6 11.Bd3 exf4 12.Bxf4 Be6 13.e5 dxe5 14.Nxe5 Nb4 15.Be2 Qxd1
16.Raxd1 Rad8 17.Bf3 Nfd5 18.Nxd5 Bxd5 19.Bxd5 Nxd5 20.Bd2 Bf6 21.Ng4 Bxb2
22.Rb1 Bd4 23.Rxb7 h5 24.Nf2 Rfe8 25.Nd3 Bf6 26.Re1 Rxe1+ 27.Nxe1 Re8 28.Nf3 Rc8
29.Ne1 h4 30.Kg1 Rc4 31.Rb3 Nc3 32.a3 Nb5 33.Kf2 Ra4 34.Bb4 a5 35.Bc5 Nd4
36.Rd3 Rc4 37.Bb6 Nc6 38.Ke2 Be7 39.Kd1 Ra4 40.Rc3 Ne5 41.Nd3 Nd7 42.Rc8+ Kh7
43.Rc7 Nxb6 44.Rxe7 Rg4 45.Re2 Nc4 46.Ne5 Rd4+ 47.Kc1 Nxa3 48.Nxf7 Nc4 49.Ne5 Nb6
50.Nf3 Ra4 51.Re6 Nd7 52.Ng5+ Kg8 53.Re8+ Nf8 54.Ra8 Rg4 55.Ne6 Kf7 56.Nxf8 Rxg2
57.h3 Rg3 58.Nh7 Kg6 59.Rxa5 Kxh7 60.Rh5+ Kg6 61.Rxh4 Kf6 62.Rh8 g5 63.h4 g4
64.Kd2 Kf5 65.c4 Ke4 66.h5 Rg2+ 67.Ke1  1/2-1/2

[Event "Petrov Mem Open"]
[Site "St Petersburg RUS"]
[Date "2002.02.20"]
[Round "9"]
[White "Frolyanov,D"]
[Black "Mirovshchikov,S"]
[Result "1/2-1/2"]
[WhiteElo "2295"]
[BlackElo "2402"]

1.e4 c5 2.Nf3 e6 3.d4 cxd4 4.Nxd4 Nc6 5.Nc3 d6 6.Be3 Nf6 7.f3 a6 8.Qd2 Qc7
9.g4 Ne5 10.O-O-O Nc4 11.Qe2 Nxe3 12.Qxe3 Be7 13.g5 Nh5 14.f4 Qc5 15.e5 Nxf4
16.Qxf4 dxe5 17.Qg3 exd4 18.Ne4 Qa5 19.Bc4 Bd7 20.Rxd4 Bc6 21.h4 Bc5 22.Qe5 Bxe4
23.Rxe4 O-O 24.h5 Rac8 25.Bb3 Rfd8 26.c3 Bb6 27.Qxa5 Bxa5 28.g6 Rc6 29.Rf1 hxg6
30.hxg6 Rd7 31.Rh1 Rdd6 32.Reh4 fxg6 33.Rh8+ Kf7 34.Rf1+ Ke7 35.Rg8 Rd7 36.Rxg7+ Kd8
37.Rxg6 Re7 38.Re1 Kd7 39.Rd1+ Rd6 40.Rxd6+ Kxd6 41.Kd2 Bb6 42.Kd3 Ke5 43.Ke2 Ba7
44.Rh6 Bb6 45.Rg6 Ba7  1/2-1/2

[Event "Aphrodite"]
[Site "Athens GRE"]
[Date "2002.02.21"]
[Round "7"]
[White "Sorokina,A"]
[Black "Stiri,A"]
[Result "1/2-1/2"]
[WhiteElo "2187"]
[BlackElo "2145"]

1.e4 c5 2.Nf3 e6 3.d4 cxd4 4.Nxd4 Nc6 5.Nc3 Qc7 6.Be2 a6 7.O-O Nf6 8.Nb3 Bb4
9.Qd3 h5 10.f4 Ne7 11.e5 Ng4 12.Ne4 Nf5 13.c4 d5 14.exd6 Nxd6 15.Nxd6+ Bxd6
16.Bxg4 hxg4 17.Be3 Bd7 18.Qe2 g5 19.c5 Bxf4 20.Bxf4 gxf4 21.Qxg4 e5 22.Qg5 Kf8
23.Rad1 Be6 24.Kh1 Bxb3 25.axb3 Qe7 26.Qxe7+ Kxe7 27.Rde1 f6 28.Rxf4 Rac8
29.b4 Rhd8 30.b5 Rd2 31.Rb4 a5 32.Ra4 Rxb2 33.Rxa5 Rg8 34.Rg1 Rc8 35.b6 Rc2
36.Ra7 Rb8 37.Ra5 Rc8 38.Ra7 Rb8 39.Ra5 Rc8  1/2-1/2

[Event "Open"]
[Site "Antalya TUR"]
[Date "2002.02.22"]
[Round "1"]
[White "Dojkova,G"]
[Black "Beshukov,S"]
[Result "0-1"]
[WhiteElo "2055"]
[BlackElo "2465"]

1.e4 c5 2.Nf3 e6 3.d4 cxd4 4.Nxd4 Nc6 5.Nc3 Qc7 6.Be3 a6 7.Bd3 b5 8.Nxc6 Qxc6
9.O-O Bb7 10.Qe2 Nf6 11.Bd4 Be7 12.f4 b4 13.e5 Bc5 14.Bxc5 Qxc5+ 15.Qf2 Qxf2+
16.Kxf2 Ng4+ 17.Kg3 Ne3 18.Rfe1 Nxg2  0-1

[Event "Bundesliga 2001-2"]
[Site "Porz GER"]
[Date "2002.02.23"]
[Round "8"]
[White "Votava,J"]
[Black "Conquest,S"]
[Result "1-0"]
[WhiteElo "2515"]
[BlackElo "2596"]

1.e4 c5 2.Nf3 e6 3.d4 cxd4 4.Nxd4 Nc6 5.Nc3 a6 6.g3 d6 7.Bg2 Bd7 8.O-O Nf6
9.Re1 Be7 10.b3 Rc8 11.Bb2 b5 12.a4 Nxd4 13.Qxd4 e5 14.Qd2 Qb6 15.axb5 axb5
16.Na2 O-O 17.Nb4 Ra8 18.h3 h6 19.Kh2 Rfe8 20.Rxa8 Rxa8 21.f4 Re8 22.Rf1 Bc8
23.Nd3 exf4 24.Nxf4 Bb7 25.Bd4 Qc7 26.Qd3 b4 27.Rf2 Qa5 28.Nd5 Nxd5 29.exd5 Bd8
30.Qf5 Qc7 31.Qg4 g6 32.Bb2 Qe7 33.Qxb4 Ba6 34.Qc3 Qe5 35.Qxe5 dxe5 36.c4 Bb6
37.Re2 f6 38.Bc3 Bc5 39.Ra2 Bb7 40.b4 Be3 41.c5 f5 42.c6 Bc8 43.d6  1-0

[Event "8th Hotel Opatija"]
[Site "Kastav CRO"]
[Date "2002.02.24"]
[Round "3"]
[White "Armanda,I"]
[Black "Bogut,Z"]
[Result "1-0"]
[WhiteElo "2334"]
[BlackElo "2421"]

1.e4 c5 2.Ne2 Nc6 3.Nbc3 e6 4.d4 cxd4 5.Nxd4 Qc7 6.Be2 a6 7.O-O b5 8.Nxc6 dxc6
9.e5 Qxe5 10.Bf3 Qc7 11.Bf4 Qb6 12.a4 Bb7 13.axb5 Rd8 14.Qe2 axb5 15.Be3 Bc5
16.Bxc5 Qxc5 17.Ne4 Qb6 18.Rfd1 Nf6 19.Nd6+ Ke7 20.Qe5 Nd5 21.Nf5+ Kd7 22.Nxg7 Qc7
23.Qf6 Kc8 24.Bxd5 cxd5 25.c3 Rhg8 26.h4 Rd7 27.h5 h6 28.Rd3 Qd8 29.Qd4 e5
30.Qxe5 f6 31.Qe6 Rxg7 32.Rd4 Qe7 33.Qb6 Qe2 34.Qc5+ Rc7 35.Qf8+ Kd7 36.Qxg7+ Qe7
37.Qxe7+ Kxe7 38.f3 Kd6 39.Re1 Bc8 40.Kf2 Be6 41.Ra1 Bf7 42.Ra6+ Ke5 43.g4  1-0

[Event "Bundesliga 2001-2"]
[Site "Porz GER"]
[Date "2002.02.24"]
[Round "9"]
[White "Conquest,S"]
[Black "Espig,L"]
[Result "1-0"]
[WhiteElo "2596"]
[BlackElo "2420"]

1.e4 c5 2.Nf3 e6 3.Nc3 Nc6 4.d4 cxd4 5.Nxd4 Qc7 6.f4 d6 7.Be3 Nf6 8.Bd3 Be7
9.O-O O-O 10.Kh1 a6 11.Qe1 Nb4 12.Qg3 b5 13.e5 Nfd5 14.f5 dxe5 15.Bh6 Bf6
16.Ne4 Kh8 17.Nxf6 gxh6 18.Nxh7 Rg8 19.Qh4 exf5 20.Qxh6 Rg6 21.Qh4 exd4 22.Nf6+ Kg7
23.Ne8+ Kg8 24.Nxc7  1-0

[Event "Open"]
[Site "Antalya TUR"]
[Date "2002.02.25"]
[Round "4"]
[White "Djuric,S"]
[Black "Sideif Sade,F"]
[Result "1-0"]
[WhiteElo "2487"]
[BlackElo "2405"]

1.e4 c5 2.Nf3 e6 3.Nc3 Nc6 4.d4 cxd4 5.Nxd4 a6 6.g3 Nf6 7.Bg2 Qc7 8.O-O Be7
9.Re1 d6 10.Nxc6 bxc6 11.e5 dxe5 12.Rxe5 O-O 13.Re1 Rd8 14.Qe2 Bb7 15.Bf4 Qb6
16.Na4 Qa7 17.Bc7 Rd7 18.Bb6 Qb8 19.c4 Qc8 20.Be3 Bd8 21.Nc5 Re7 22.Red1 Bb6
23.Nxb7 Rxb7 24.Bg5 Bc5 25.Bxf6 gxf6 26.Qg4+ Kh8 27.Qf3 f5 28.Qxc6 Rba7 29.b4 Bxb4
30.Qb6 Bc5 31.Qb2+ Kg8 32.Bxa8 Rxa8 33.Rab1 a5 34.Rd3 Bb4 35.a3 Bf8 36.Qb5 Qc7
37.Rd7 Qc8 38.Rb7 Bd6 39.Rd1 Bxa3 40.Rdd7 Bf8 41.Rxf7 Qd8 42.Qe5  1-0

[Event "2nd HCC"]
[Site "Helsinki FIN"]
[Date "2002.02.25"]
[Round "1"]
[White "Nyysti,S"]
[Black "Seeman,T"]
[Result "0-1"]
[WhiteElo "2245"]
[BlackElo "2441"]

1.e4 c5 2.Nf3 e6 3.d4 cxd4 4.Nxd4 Nc6 5.Nc3 d6 6.Be3 Nf6 7.Be2 Be7 8.O-O Bd7
9.f4 Nxd4 10.Qxd4 Bc6 11.Rad1 O-O 12.f5 e5 13.Qd3 h6 14.Kh1 Qc7 15.Rf3 Rfd8
16.Rg3 Kf8 17.Nd5 Bxd5 18.exd5 b5 19.c3 Rdc8 20.Bxh6 gxh6 21.Qe3 Qb6 22.Qxh6+ Ke8
23.Bh5 Kd7 24.Bxf7 Rh8 25.Qg7 Rh7 26.Be6+ Kc7 27.Qxh7 Nxh7 28.Rg7 Rh8 29.Rxe7+ Kb8
30.Bd7 Nf6 31.Bc6 Ng4 32.Rb7+ Qxb7 33.Bxb7 Nf2+ 34.Kg1 Nxd1  0-1

[Event "8th Hotel Opatija"]
[Site "Kastav CRO"]
[Date "2002.02.25"]
[Round "5"]
[White "Gombac,Jan"]
[Black "Bistric,F"]
[Result "1-0"]
[WhiteElo "2225"]
[BlackElo "2486"]

1.e4 c5 2.Nf3 e6 3.d4 cxd4 4.Nxd4 Nc6 5.Nc3 Qc7 6.Be2 Nf6 7.Be3 Be7 8.f4 d6
9.O-O a6 10.Kh1 Bd7 11.Qe1 b5 12.a3 O-O 13.Qg3 Kh8 14.Bd3 Rab8 15.Nxc6 Bxc6
16.e5 Nd7 17.Qh3 g6 18.exd6 Bxd6 19.Rad1 f5 20.Ne2 Rbe8 21.Nd4 Bd5 22.Bxb5 Qb7
23.Ba4 Re7 24.Nf3 Nf6 25.Ne5 Bxe5 26.fxe5 Ne4 27.b3 f4 28.c4 Ref7 29.Bg1 Rf5
30.cxd5 Rh5 31.Qf3 exd5 32.Bd4 Qe7 33.Bc6 Qe6 34.Rc1 Kg7 35.Bd7 Qe7 36.e6+ Kh6
37.g4 Rh4 38.Rg1 Qxa3 39.Be5 Ng3+ 40.Rxg3 fxg3 41.g5+ Kxg5 42.Qxg3+ Kh5 43.Rg1 Rf5
44.Bd6  1-0

[Event "Mario Covas Jr"]
[Site "Sao Paulo BRA"]
[Date "2002.02.26"]
[Round "7"]
[White "Crosa,M"]
[Black "Milos,G"]
[Result "1/2-1/2"]
[WhiteElo "2393"]
[BlackElo "2580"]

1.e4 c5 2.Nf3 Nc6 3.d4 cxd4 4.Nxd4 e6 5.Nc3 a6 6.Nxc6 bxc6 7.e5 Qc7 8.f4 f5
9.Be3 Rb8 10.Na4 d5 11.exd6 Bxd6 12.Bb6 Qe7 13.Qh5+ g6 14.Qf3 Nf6 15.Bc4 c5
16.O-O-O Bd7 17.Rxd6 Qxd6 18.Bxc5 Qc7 19.Re1 Kf7 20.b4 a5 21.Nb2 axb4 22.Nd3 Rhe8
23.Qe3 Kg8 24.Qd4 Ne4 25.Rxe4 fxe4 26.Bd6 Qb6 27.Bc5 Qd8 28.Qe5 Qa5 29.Nf2 b3
30.Bxb3 Rxb3 31.axb3 Ra8 32.Bd4 Qxe5 33.Bxe5 Bc6 34.Ng4 Kf8 35.Kd2 Rd8+ 36.Ke2 h5
37.Ne3 Ke7 38.g3 Bb7 39.Nd1 Ba6+ 40.Ke1 Kd7 41.Nc3 e3 42.Bd4 Rc8 43.Na4 Rxc2
44.Nc5+ Rxc5 45.Bxc5  1/2-1/2

[Event "Open"]
[Site "Antalya TUR"]
[Date "2002.02.28"]
[Round "7"]
[White "Beshukov,S"]
[Black "Srienz,C"]
[Result "1-0"]
[WhiteElo "2465"]
[BlackElo "2174"]

1.e4 c5 2.Nc3 Nc6 3.Nf3 e6 4.d4 cxd4 5.Nxd4 Nf6 6.a3 d6 7.Bc4 Be7 8.O-O Qc7
9.Ba2 O-O 10.Kh1 Bd7 11.f4 Rad8 12.Nf3 Bc8 13.Qe1 b6 14.e5 Ne8 15.Qg3 d5
16.f5 Kh8 17.Bf4 Na5 18.f6 gxf6 19.exf6 Bd6 20.Bxd6 Qxd6 21.Qh4 Rg8 22.Ng5 Rxg5
23.Qxg5 Nc4 24.Bxc4 dxc4  1-0

[Event "Anibal Open"]
[Site "Linares ESP"]
[Date "2002.03.01"]
[Round "1"]
[White "Castillo Gallego,S"]
[Black "Kallio,H"]
[Result "0-1"]
[WhiteElo "2231"]
[BlackElo "2522"]

1.e4 c5 2.Nf3 Nc6 3.d4 cxd4 4.Nxd4 e6 5.Nc3 Qc7 6.Be3 a6 7.Qd2 Nf6 8.O-O-O Bb4
9.f3 d5 10.a3 Ba5 11.Nb3 O-O 12.Nxa5 Nxa5 13.Kb1 dxe4 14.fxe4 b5 15.e5 Ng4
16.Bd4 Nxe5 17.Ne4 Nac6 18.Bc5 Rd8 19.Bd6 Qb6 20.Qg5 Ng6 21.Bd3 f5 22.Bc5 Qc7
23.Ng3 Rd5 24.Nxf5 exf5 25.Bc4 bxc4 26.Rxd5 Be6 27.Rd6 Bf7 28.Rhd1 Re8 29.h4 c3
30.h5 Nge5 31.h6 Bg6 32.Qf4 Qb8 33.b3 Nf7 34.Qc4 Ne5 35.Qd5 gxh6 36.Bd4 Qxd6  0-1

[Event "ch-RUS Girls U20"]
[Site "Vladimir RUS"]
[Date "2002.03.01"]
[Round "1"]
[White "Meshcheriakova,E"]
[Black "Zakurdjaeva,I"]
[Result "1-0"]
[WhiteElo "2169"]
[BlackElo "2310"]

1.e4 c5 2.Nf3 e6 3.Nc3 Nc6 4.d4 cxd4 5.Nxd4 Qc7 6.f4 a6 7.Nb3 b5 8.a3 Bb7
9.Be3 Be7 10.Bd3 d6 11.O-O Nf6 12.Qf3 O-O 13.Qh3 Rfe8 14.Nd4 Nxd4 15.Bxd4 e5
16.Be3 Rad8 17.Rae1 exf4 18.Rxf4 d5 19.e5 Bc8 20.g4 Qxe5 21.Rxf6 g6 22.Rxf7 Kxf7
23.Qxh7+ Ke6 24.Qxg6+ Bf6 25.Bf2 Qxe1+ 26.Bxe1 Rg8 27.Bf5+  1-0

[Event "Cupa Martisor Open"]
[Site "Bucharest ROM"]
[Date "2002.03.02"]
[Round "3"]
[White "Geanta,H"]
[Black "Batali,G"]
[Result "1-0"]
[WhiteElo "2313"]
[BlackElo "2076"]

1.e4 c5 2.Nf3 Nc6 3.Nc3 e6 4.d4 cxd4 5.Nxd4 d6 6.Be3 a6 7.Bc4 Qc7 8.Qe2 Nf6
9.Bb3 Be7 10.O-O-O b5 11.f3 Bd7 12.g4 h6 13.h4 Ne5 14.g5 Ng8 15.f4 Nc4 16.f5 Rc8
17.fxe6 Bxe6 18.Nxe6 fxe6 19.Qh5+ Kd7 20.Bd4 Bf8 21.Rhf1 Ne7 22.Qg4 hxg5
23.hxg5 Qc6 24.Rf7 a5 25.a4 b4 26.Nd5 Rh4 27.Qxh4 exd5 28.Qf4 Qa8 29.Bxc4 dxc4
30.Bxg7  1-0

[Event "Anibal Open"]
[Site "Linares ESP"]
[Date "2002.03.03"]
[Round "3"]
[White "De la Villa Garcia,J"]
[Black "Bruzon,L"]
[Result "1/2-1/2"]
[WhiteElo "2451"]
[BlackElo "2569"]

1.e4 c5 2.Nf3 e6 3.d4 cxd4 4.Nxd4 Nc6 5.Nc3 Qc7 6.g3 a6 7.Bg2 d6 8.O-O Bd7
9.Re1 Be7 10.Nxc6 Bxc6 11.Qg4 h5 12.Qe2 h4 13.a4 Rc8 14.Bf4 Kf8 15.Rad1 hxg3
16.hxg3 Nf6 17.Bf3 Nd7 18.Nb5 axb5 19.axb5 Ne5 20.Bxe5 dxe5 21.bxc6 Qxc6
22.c3 g6 23.Kg2 Kg7 24.Rh1 Bg5 25.Rxh8 Rxh8 26.Qc2 Ra8 27.Be2 Be7 28.Rh1 Kg8
29.Bd3 Qb6 30.Qe2 Ra2 31.Bb5 Ra5 32.Bc4 Ra8 33.Rd1 Rd8 34.Rxd8+ Qxd8 35.Bb5 Qc7
36.Ba4 Kg7 37.Qb5 Bg5 38.Qd7 Qc4 39.Bc2 Bc1 40.Qd3 Qxd3 41.Bxd3 Bxb2 42.c4 Kf8
43.Bc2 Ke7 44.Kf1  1/2-1/2

[Event "ch-RUS Boys U20"]
[Site "Vladimir RUS"]
[Date "2002.03.03"]
[Round "3"]
[White "Smirnov,P"]
[Black "Panarin,M"]
[Result "1/2-1/2"]
[WhiteElo "2510"]
[BlackElo "2413"]

1.e4 c5 2.Nf3 e6 3.d4 cxd4 4.Nxd4 Nc6 5.Nc3 Qc7 6.Be2 a6 7.Be3 Nf6 8.O-O Bb4
9.Na4 Be7 10.Nxc6 bxc6 11.Nb6 Rb8 12.Nxc8 Qxc8 13.Bd4 c5 14.Be5 Rb6 15.Qd3 O-O
16.b3 d6 17.Bc3 d5 18.e5 Nd7 19.f4 c4 20.bxc4 Rc6 21.Qh3 Nb6 22.Bd3 g6 23.Rf3 Re8
24.Rg3 Qc7 25.f5 exf5 26.Kh1 Bc5 27.Rf1 d4 28.Bd2 Qxe5 29.Bf4 Qe7 30.Qxf5 Rf6
31.Qg5 Nd7 32.h4 Bd6 33.Rgf3 Ne5 34.Re1 Re6 35.Qxe7  1/2-1/2

[Event "ch-RUS Boys U20"]
[Site "Vladimir RUS"]
[Date "2002.03.05"]
[Round "5"]
[White "Prizant,J"]
[Black "Grachev,B"]
[Result "0-1"]
[WhiteElo "2459"]
[BlackElo "2394"]

1.e4 c5 2.Nf3 e6 3.d4 cxd4 4.Nxd4 Nc6 5.Nc3 Qc7 6.Be2 Nf6 7.O-O a6 8.Kh1 d6
9.a4 Be7 10.f4 O-O 11.Be3 Re8 12.a5 Nd7 13.Bd3 Nc5 14.Nxc6 Qxc6 15.Qh5 g6
16.Qf3 Rf8 17.Bd4 f5 18.Rae1 fxe4 19.Nxe4 Nxd3 20.Qxd3 Bd7 21.Bc3 Qd5 22.Qxd5 exd5
23.Nd2 Rae8 24.Nb3 Bf5 25.Nd4 Be4 26.Kg1 Bf6 27.Rf2 Rc8 28.Rd1 Rf7 29.Ne2 Rc5
30.Bxf6 Rxf6 31.Nd4 Rxa5 32.g3 Rf8 33.c3 Ra2 34.Ne6 Rc8 35.Nd4 a5 36.Re2 a4
37.Kf2 Rc5 38.h4 a3 39.b4 Rxe2+ 40.Nxe2 Rc8 41.Ra1 Ra8 42.Nc1 h5 43.Ke3 Ra4
44.Nb3 Kf7 45.Nd2  0-1

[Event "Anibal Open"]
[Site "Linares ESP"]
[Date "2002.03.07"]
[Round "7"]
[White "Perez Candelario,M"]
[Black "Potkin,V"]
[Result "1/2-1/2"]
[WhiteElo "2389"]
[BlackElo "2481"]

1.e4 c5 2.Nc3 e6 3.Nf3 Nc6 4.d4 cxd4 5.Nxd4 Qc7 6.g3 a6 7.Bg2 d6 8.O-O Bd7
9.Re1 Be7 10.a4 Nf6 11.h3 O-O 12.g4 Nxd4 13.Qxd4 e5 14.Qd3 Be6 15.Be3  1/2-1/2

[Event "Anibal Open"]
[Site "Linares ESP"]
[Date "2002.03.08"]
[Round "8"]
[White "Bruzon,L"]
[Black "Handke,F"]
[Result "1/2-1/2"]
[WhiteElo "2569"]
[BlackElo "2450"]

1.e4 c5 2.Nf3 e6 3.d4 cxd4 4.Nxd4 Nc6 5.Nc3 Qc7 6.f4 Nxd4 7.Qxd4 a6 8.Be3 b5
9.Be2 Bb7 10.Bf3 Rc8 11.O-O h5 12.h3 h4 13.Rad1 Nf6 14.Rf2 Bc5 15.Qd3 e5
16.Bxc5 Qxc5 17.fxe5 Qxe5 18.Qd6 Rc5 19.Qb6 Qc7 20.Qxc7 Rxc7 21.e5 Bxf3 22.Rxf3 Nh5
23.Rd4 Ng3 24.Rg4 Rc5 25.Rxg7 Rxe5 26.Rd3 Rhh5 27.Rg8+ Ke7 28.Rd1 b4 29.Na4 Rh6
30.Rb8 Rb5 31.Rxb5 axb5 32.Nc5 Rc6 33.Rxd7+ Ke8 34.Rd5 Rf6 35.Re5+ Kd8 36.Re1 Rc6
37.Nd3 Rxc2 38.Re5 Rd2 39.Nxb4 Rxb2 40.Rxb5 Kd7 41.a3 Ne2+ 42.Kf1 Ng3+ 43.Kg1 Ne2+
44.Kh2 Ng3 45.Rd5+ Ke6 46.Rd4 Nf5 47.Re4+ Kf6 48.a4 Kg5 49.Nd3 Rd2 50.Ne5 Ra2
51.Nf3+ Kh5 52.Rf4 Ne3 53.Nxh4 Kg5 54.Kg3 f5 55.Nf3+ Kf6 56.Nh4 Kg5 57.Rf3 Rxa4
58.Nxf5 Nxf5+ 59.Kh2 Ra2 60.Rd3  1/2-1/2

[Event "ch-RUS Girls U20"]
[Site "Vladimir RUS"]
[Date "2002.03.08"]
[Round "7"]
[White "Kuzmina,O"]
[Black "Zakurdjaeva,I"]
[Result "0-1"]
[WhiteElo "2236"]
[BlackElo "2310"]

1.e4 e6 2.d4 c5 3.Nf3 cxd4 4.Nxd4 Nc6 5.Nc3 Qc7 6.f4 a6 7.Nxc6 Qxc6 8.Bd3 b5
9.Qf3 Bb7 10.O-O Nf6 11.a3 b4 12.axb4 Bxb4 13.Re1 O-O 14.Bd2 d5 15.e5 Qb6+
16.Kh1 Ne4 17.Be3 Qc7 18.Bd4 g6 19.Bxe4 dxe4 20.Qe3 Rac8 21.Re2 Qc6 22.Na4 Rfd8
23.c3 Be7 24.b4 Qb5 25.Rd2 Bd5 26.Kg1 Ra8 27.Nb6 Rab8 28.Rc2 Bb7 29.Ra5 Qc6
30.Rd2 Rxd4 31.Rxd4 Qxb6 32.Ra2 Rd8 33.Rad2  0-1